Les adversaire de l’AS Saint-Étienne (ASSE) en coupe d’europe au XXIè - Statistiques

Statistiques générales
  • Ce quiz a été pris 141 fois
  • Le résultat moyen est 8 sur 28
Statistiques - réponses
Hint Réponse % Correct
2016/2017 Seizième de finale Manchester United
87%
2014/2015 Phase de poule Inter Milan
73%
2015/2016 Seizième de finale Bale
64%
2014/2015 Phase de poule Qarabag
46%
2016/2017 Phase de poule Anderlecht
44%
2019/2020 Phase de poule Wolfsbourg
41%
2015/2016 Phase de poule Lazio
40%
2019/2020 Phase de poule La Gantoise
38%
2015/2016 Phase de poule Dnipro
33%
2014/2015 Phase de poule Dnipro
33%
2015/2016 Phase de poule Rosenborg
33%
2008/2009 Phase de poule Rosenborg
33%
2008/2009 Seizième de finale Olympiakos
28%
2008/2009 Huitième de finale Werder Breme
28%
2016/2017 Phase de poule Mayence
23%
2008/2009 Phase de poule Valence
22%
2016/2017 Qualification AEK Athènes
18%
2013/2014 Qualification Milsami
17%
2008/2009 Phase de poule Bruges
15%
2008/2009 Phase de poule Copenhague
14%
2014/2015 Qualification Karabukspor
14%
2016/2017 Qualification Beitar jerusalem
13%
2013/2014 Qualification Esbjerg
11%
2005/2006 Quart de finale Cluj
10%
2019/2020 Phase de poule Oleksandriya
7%
2005/2006 Huitième de finale Xamax
6%
2016/2017 Phase de poule Gabala
5%
2008/2009 Qualification Hapoel telaviv
3%
Aucun quiz correspondant
Distribution des résultats
% des personnes avec chaque résultat
Percentile par nombre de réponses
Votre historique - résultats
Vous n’avez pas pris ce quiz